000
00298nam a22001097a 4500
008
160420b xxu||||| |||| 00| 0 eng d
020
_a
9781416034360
041
_a
eng
080
_a
618.2
245
1
0
_a
Fundamentals of nursing:
_c
Helen Harkreader; Mary Ann Hogan; Marshelle Thobaben;
942
_2
udc
_c
BK
999
_c
1447
_d
1447